000 nam a22 7a 4500
999 _c7511
_d7511
008 170918b xxu||||| |||| 00| 0 eng d
020 _a9788190461122
100 _aJain Gagan
_94039
245 _aNobel Prize Winners in Literature
260 _aNew Delhi
_bThree ESS Publication